ARRUPE JESUIT UNIVERSITY

CORONAVIRUS -STOP THE SPREAD - CLEAN,DISINFECT,COVER

The Liturgy of the Hours: (Record no. 119174)

MARC details
000 -LEADER
fixed length control field 00760nam a2200253 4500
001 - CONTROL NUMBER
control field 1729006
003 - CONTROL NUMBER IDENTIFIER
control field ARRUPE
005 - DATE AND TIME OF LATEST TRANSACTION
control field 20131210144245.0
008 - FIXED-LENGTH DATA ELEMENTS--GENERAL INFORMATION
fixed length control field 731121s1970 enk b 001 0 eng
010 ## - LIBRARY OF CONGRESS CONTROL NUMBER
LC control number 73176119
015 ## - NATIONAL BIBLIOGRAPHY NUMBER
National bibliography number GB70-01101
020 ## - INTERNATIONAL STANDARD BOOK NUMBER
International Standard Book Number 0225488736
040 ## - CATALOGING SOURCE
Original cataloging agency DLC
Transcribing agency DLC
Modifying agency DLC
050 00 - LIBRARY OF CONGRESS CALL NUMBER
Classification number BX1999.
Item number R736 1971
300 ## - PHYSICAL DESCRIPTION
Dimensions 22 cm.
100 1# - MAIN ENTRY--PERSONAL NAME
Personal name Coughlan, Peter.
9 (RLIN) 5431
245 14 - TITLE STATEMENT
Title The Liturgy of the Hours:
Remainder of title The General Instruction on the Liturgy of the Hours.
260 ## - PUBLICATION, DISTRIBUTION, ETC. (IMPRINT)
Place of publication, distribution, etc London,
Name of publisher, distributor, etc G. Chapman,
Date of publication, distribution, etc 1971.
300 ## - PHYSICAL DESCRIPTION
Extent ix, 141p.;
350 ## - PRICE (NR) (BK AM CF MU VM SE) [OBSOLETE]
Price £0.80
504 ## - BIBLIOGRAPHY, ETC. NOTE
Bibliography, etc Includes bibliographical references and index.
650 #0 - SUBJECT ADDED ENTRY--TOPICAL TERM
Topical term or geographic name as entry element Lord's Supper (Liturgy)
9 (RLIN) 5432
906 ## - LOCAL DATA ELEMENT F, LDF (RLIN)
a 7
b cbc
c orignew
d 3
e ncip
f 19
g y-gencatlg
942 ## - ADDED ENTRY ELEMENTS (KOHA)
Source of classification or shelving scheme Library of Congress Classification
Koha item type Monograph ( Printed materials)
Holdings
Withdrawn status Lost status Source of classification or shelving scheme Damaged status Not for loan Collection code Home library Current library Shelving location Date acquired Total Checkouts Full call number Barcode Date last seen Price effective from Koha item type
    Library of Congress Classification     Main Collection ARRUPE LIBRARY ARRUPE LIBRARY Main Collection 10/12/2013   BX1999. R736 1971 46411788 22/11/2017 10/12/2013 Monograph ( Printed materials)

 

Arrupe Library. PO Box MP320 Mt Pleasant, Harare, Zimbabwe
263 242 745411|librarian@aju.ac.zw